Štátne dlhopisy v Euro-zóne

Definičné vymedzenie dlhopisu podľa Zákona č. 530/1991 Zb. Trh štátnych dlhopisov v Euro-zóne - nemecké štátne dlhopisy, anglické štátne dlhopisy, talianske štátne dlhopisy, francúzske štátne dlhopisy, španielské štátne dlhopisy a Euro a štátne dlhopisy. Krátke anglické rezumé článku je na str.270.

Gespeichert in:
Bibliographische Detailangaben
1. Verfasser: Brychta, Štefan
Format: Buchkapitel
Sprache:Slowakisch
Schlagworte:
Tags: Tag hinzufügen
Keine Tags, Fügen Sie das erste Tag hinzu!

MARC

LEADER 00000naa a2200000 4500
001 r043343
005 20231002115551.1
041 0 |a slo 
044 |a SK 
245 1 0 |a Štátne dlhopisy v Euro-zóne  |c Štefan Brychta 
520 |a Definičné vymedzenie dlhopisu podľa Zákona č. 530/1991 Zb. Trh štátnych dlhopisov v Euro-zóne - nemecké štátne dlhopisy, anglické štátne dlhopisy, talianske štátne dlhopisy, francúzske štátne dlhopisy, španielské štátne dlhopisy a Euro a štátne dlhopisy. Krátke anglické rezumé článku je na str.270. 
610 2 0 |a dlhopisy štátne 
610 2 0 |a trh finančný 
610 2 0 |a Nemecko 
610 2 0 |a Veľká Británia 
610 2 0 |a Taliansko 
610 2 0 |a Francúzsko 
610 2 0 |a Španielsko 
610 2 0 |a Európska únia 
100 1 |a Brychta, Štefan